Fiscal Analysis of Resource Industries : (FARI Methodology) /

This manual introduces key concepts and methodology used by the Fiscal Affairs Department (FAD) in its fiscal analysis of resource industries (FARI) framework. Proper evaluation of fiscal regimes for extractive industries (EI) requires economic and financial analysis at the project level, and FARI i...

Disgrifiad llawn

Manylion Llyfryddiaeth
Prif Awdur: Luca, Oana
Awduron Eraill: Mesa Puyo, Diego
Fformat: Cylchgrawn
Iaith:English
Cyhoeddwyd: Washington, D.C. : International Monetary Fund, 2016.
Cyfres:Technical Notes and Manuals; Technical Notes and Manuals ; No. 2016/001
Mynediad Ar-lein:Full text available on IMF
LEADER 02226cas a2200253 a 4500
001 AALejournalIMF015561
008 230101c9999 xx r poo 0 0eng d
020 |c 5.00 USD 
020 |z 9781513575117 
022 |a 2075-8669 
040 |a BD-DhAAL  |c BD-DhAAL 
100 1 |a Luca, Oana. 
245 1 0 |a Fiscal Analysis of Resource Industries :   |b (FARI Methodology) /  |c Oana Luca, Diego Mesa Puyo. 
264 1 |a Washington, D.C. :  |b International Monetary Fund,  |c 2016. 
300 |a 1 online resource (52 pages) 
490 1 |a Technical Notes and Manuals 
500 |a <strong>Off-Campus Access:</strong> No User ID or Password Required 
500 |a <strong>On-Campus Access:</strong> No User ID or Password Required 
506 |a Electronic access restricted to authorized BRAC University faculty, staff and students 
520 3 |a This manual introduces key concepts and methodology used by the Fiscal Affairs Department (FAD) in its fiscal analysis of resource industries (FARI) framework. Proper evaluation of fiscal regimes for extractive industries (EI) requires economic and financial analysis at the project level, and FARI is an analytical tool that allows such fiscal regime design and evaluation. The FARI framework has been primarily used in FAD's advisory work on fiscal regime design: it supports calibration of fiscal parameters, sensitivity analysis, and international comparisons. In parallel to that, FARI has also evolved into a revenue forecasting tool, allowing IMF economists and government officials to estimate the composition and timing of expected revenue streams from the EI sector, analyze revenue management issues (including quantification of fiscal rules), and better integrate the EI sector in the country macroeconomic frameworks. Looking forward, the model presents a useful tool for revenue administration practitioners, allowing them to compare actual, realized revenues with model results in tax gap analysis. 
538 |a Mode of access: Internet 
700 1 |a Mesa Puyo, Diego. 
830 0 |a Technical Notes and Manuals; Technical Notes and Manuals ;  |v No. 2016/001 
856 4 0 |z Full text available on IMF  |u http://elibrary.imf.org/view/journals/005/2016/001/005.2016.issue-001-en.xml  |z IMF e-Library